Sociologías de la vida cotidiana /

Detalles Bibliográficos
Autor principal: Wolf, Mauro
Formato: Libro
Lenguaje:inglés
Publicado: Madrid, España Cátedra 2000
Colección:Teorema
Materias:
Acceso en línea:

MARC

LEADER 00000cam a2200000 a 4500
001 003425
003 UAHC_CL
005 20170803115932.0
008 010822b xx j 000 1 eng
020 |a 8437603331 
040 |a UAHC_CL  |c UAHC_CL  |d UAHC_CL 
100 1 |a Wolf, Mauro 
245 1 0 |a Sociologías de la vida cotidiana /  |c Mauro Wolf. 
260 |b Cátedra  |c 2000  |a Madrid, España 
300 |a 223 p. 
490 0 |a Teorema 
650 4 |a METODOLOGIA 
650 4 |a SOCIOLOGIA 
653 |a SOCIOLOGIA 
900 |a 301.01 WOLS 
942 |c BK 
952 |0 0  |1 0  |4 0  |6 301_010000000000000_WOLS  |7 0  |8 General  |9 7581  |a BC  |b BC  |c General  |d 2017-08-03  |l 0  |o 301.01 WOLS  |p 1337204  |r 2026-01-07 00:00:00  |t 1  |w 2017-08-03  |y BK 
952 |0 0  |1 0  |4 0  |6 301_010000000000000_WOLS  |7 0  |8 General  |9 7582  |a BC  |b BC  |c General  |d 2017-08-03  |l 0  |o 301.01 WOLS  |p 1337205  |r 2026-01-07 00:00:00  |t 2  |w 2017-08-03  |y BK 
999 |c 3425  |d 3425